|
|
|
|
| LEADER |
00000cab a2200000 a 4500 |
| 001 |
vtls010102792 |
| 003 |
SK-MaSNL |
| 005 |
20260426100626.0 |
| 008 |
100604c2010 xo mr p 000 a0slo |
| 015 |
|
|
|a SNBRB2010/06
|
| 038 |
|
|
|a SVKPOCL
|
| 040 |
|
|
|a SVKPOCL
|b slo
|c SVKPOCL
|e AACR2
|
| 041 |
0 |
|
|a slo
|
| 044 |
|
|
|a xo
|c SK
|
| 080 |
|
|
|a 316.022.4(=161.25)(437.6)
|2 2001
|
| 080 |
|
|
|a 793.387(=161.25)(437.6)
|2 2001
|
| 100 |
1 |
|
|a Lipinský, Ján
|4 aut
|9 531684
|
| 245 |
1 |
0 |
|a 8. Novoročný Ples Rusínov v Bratislave
|c Ján Lipinský
|
| 246 |
3 |
|
|a Ôsmy Novoročný Ples Rusínov v Bratislave
|
| 300 |
|
|
|b Fotogr.
|
| 610 |
2 |
7 |
|a Združenie inteligencie Rusínov Slovenska
|2 svkpocl
|9 58120
|
| 611 |
2 |
7 |
|a Novoročný ples Rusínov
|n (8. :
|d 2010 :
|c Bratislava, Slovensko)
|2 svkpocl
|9 1570479
|
| 648 |
|
7 |
|a 16.1.210
|2 svkpocl
|9 1570480
|
| 650 |
0 |
7 |
|a Rusíni
|z Slovensko
|2 svkpocl
|9 336690
|
| 650 |
0 |
7 |
|a plesy
|2 svkpocl
|9 29442
|
| 651 |
|
7 |
|a Bratislava (Slovensko)
|2 svkpocl
|9 14568
|
| 773 |
0 |
|
|t Info Rusyn
|g Roč. VII, č. 1-2 (2010), s. 3
|
| 852 |
|
|
|a SVKPO
|b KIS3GCP
|
| 856 |
4 |
1 |
|u www.rusyn.sk
|
| 958 |
|
|
|a RN
|
| 958 |
|
|
|a SK
|
| 999 |
|
|
|c 3202313
|d 3204243
|